Anyone but Grover Cleveland Quiz Stats

 Plays Quiz Updated Jun 25, 2020

     
Support Sporcle.
Go Orange.
Score 0/36 Timer 04:00
0 Plays Today
% Correct
George Washington ($1)
97.1%
George Washington
97.1%
Abraham Lincoln
95.7%
Abraham Lincoln ($5)
95.7%
Franklin D. Roosevelt
93.4%
Franklin D. Roosevelt
93.4%
Theodore Roosevelt
92.7%
Theodore Roosevelt
92.7%
Thomas Jefferson ($2)
91%
Andrew Jackson
90.3%
Andrew Jackson
90.3%
Andrew Jackson ($20)
90.3%
Ulysses S. Grant
89.1%
Ulysses S. Grant
89.1%
Ulysses S. Grant ($50)
89.1%
Donald Trump
88.8%
Donald Trump
88.8%
Bill Clinton
88.3%
% Correct
Andrew Johnson
84.3%
Harry S. Truman
83.7%
Harry S. Truman
83.7%
Ronald Reagan
77.5%
Ronald Reagan
77.5%
William McKinley
76.7%
William McKinley ($500)
76.7%
Dwight D. Eisenhower
76.1%
Dwight D. Eisenhower
76.1%
Martin Van Buren
75.5%
Martin Van Buren
75.5%
Woodrow Wilson
75.4%
Benjamin Harrison
73.2%
Gerald Ford
70.6%
Zachary Taylor
70.2%
Calvin Coolidge
69.8%
James Buchanan
64.6%
Millard Fillmore
61.6%

From the Vault

Largest African Country Minefield

by citkeane

Hint: Stay away from those tiny island nations.
Remove Ads.
Support Sporcle.
Get the best of Sporcle when you Go Orange. This ad-free experience offers more features, more stats, and more fun while also helping to support Sporcle. Thank you for becoming a member.

Show Comments

Extras

Top Quizzes Today


Score Distribution

Your Account Isn't Verified!

In order to create a playlist on Sporcle, you need to verify the email address you used during registration. Go to your Sporcle Settings to finish the process.

Report this User

Report this user for behavior that violates our Community Guidelines.

Details: